| 000 | 00354nam a22001337a 4500 | ||
|---|---|---|---|
| 005 | 20250626083700.0 | ||
| 008 | 250626b |||||||| |||| 00| 0 eng d | ||
| 050 |
_aBS650 _bBOW |
||
| 100 | _aBOWDEN MALCOLM | ||
| 245 | _aTRUE SCIENCE AGREES WITH THE BIBLE | ||
| 260 |
_aENGLAND _bSOVEREIGN PUBLICATIONS _cc1998 |
||
| 300 | _axiv, 551p | ||
| 942 |
_2lcc _cBK _n0 |
||
| 999 |
_c6699 _d6699 |
||